Memórias de menina (Record no. 111123)

MARC details
000 -LÍDER
campo de controle de tamanho fixo 00492 a2200193 4500
001 - NÚMERO DE CONTROLE
campo de controle 111123
020 ## - ISBN - INTERNATIONAL STANDARD BOOK NUMBER
ISBN - International Standard Book Number 9788503007474
041 ## - CÓDIGO DE IDIOMA
Código do idioma do texto/trilha sonora ou título diferente por
082 ## - CDD - CLASSIFICAÇÃO DECIMAL DE DEWEY
Número de Classificação 028.5
040 ## - FONTE DA CATALOGAÇÃO
Instituição da catalogação original BR-BrIDEA
Instituição que transcreveu o registro BR-BrIDEA
090 ## - NÚMERO DE CHAMADA LOCAL
Número de chamada (OCLC) (R); Número de chamada, CALL (RLIN) (NR) P Year 3 028
Número Cutter local (OCLC); Número de classificação do livro, CALL (RLIN) QUE
100 ## - ENTRADA PRINCIPAL--NOME PESSOAL
Nome pessoal Queiroz, Raquel de
Datas associadas ao nome 1910-2003
250 ## - EDIÇÃO
Edição 6.ed.
245 10 - TÍTULO
Título Memórias de menina
Indicação de responsabilidade, etc. Raquel d Queiroz
260 ## - PUBLICAÇÃO, DISTRIBUIÇÃO, ETC.
Local de publicação, distribuição, etc. Rio de Janeiro
Nome do editor, distribuidor, etc. José Olympio
Data da publicação, distribuição, etc. 2009
697 ## - ENTRADA DE ASSUNTO LOCAL--ENTIDADE COLETIVA (RLIN)
Nome corporativo ou nome da jurisdição Literatura infanto-juvenil
856 ## - LOCALIZAÇÃO ELETRÔNICA E ACESSO
Uniform Resource Identifier <a href="000000/000000f8.jpg">000000/000000f8.jpg</a>
942 ## - ELEMENTOS DE ENTRADA ADICIONADOS (KOHA)
Tipo de material Koha Livros
Holdings
Situação do descarte Situação das perdas Fonte da classificação ou esquema de arquivamento na estante Situação física Não pode ser emprestado Biblioteca de origem Biblioteca atual Data de aquisição Total de empréstimos Número de chamada completo Código de barras Data de último acesso Data do preço efetivo Tipo de material Koha
          Canadian School of Niterói - Piratininga Canadian School of Niterói - Piratininga 09/02/2024   QUE-M8 A04191 09/02/2024 09/02/2024 Livros
          Canadian School of Niterói - Piratininga Canadian School of Niterói - Piratininga 09/02/2024   QUE-M8 A08100 09/02/2024 09/02/2024 Livros
    Classificação Decimal de Dewey     ECB - SUDOESTE ECB - SUDOESTE 12/01/2018   P Year 3 028 00032426SSW 23/01/2024 23/01/2024 Livros
    Classificação Decimal de Dewey     ECB - SUDOESTE ECB - SUDOESTE 16/01/2015   P Year 3 028 00013000SSW 23/01/2024 23/01/2024 Livros
    Classificação Decimal de Dewey     ECB - SUDOESTE ECB - SUDOESTE 16/01/2015   P Year 3 028 00013012SSW 23/01/2024 23/01/2024 Livros
    Classificação Decimal de Dewey     ECB - ÁGUAS CLARAS ECB - ÁGUAS CLARAS 13/12/2019   AP Year 3 028 QUE 00045658AGC 23/01/2024 23/01/2024 Livros
    Classificação Decimal de Dewey     ECB - ÁGUAS CLARAS ECB - ÁGUAS CLARAS 13/12/2019   AP Year 3 028 QUE 00045659AGC 23/01/2024 23/01/2024 Livros